000 00638nam a2200277Ia 4500
005 20260324133749.0
008 008 260324s9999 xx 000 0 eng d
020 _a9781315888866
037 _aEBOOK
040 _aCRL
040 _beng
040 _cCRL
041 _2eng
041 _aeng
084 _qCRL
100 _aMary Douglas
_91194305
245 0 _aEssays on the Sociology of Perception
260 _bTaylor and Francis
260 _c2003
365 _a
365 _b350
856 _uhttp://www.taylorfrancis.com/books/9781315888866
942 _cEBOOK
999 _c1793692
_d1793692